Responses for Show #6631 - Monday, June 17, 2013

Andrew Moore game 1.

Contestants

[<< previous game]

Andrew Moore, a test prep instructor from Buford, Georgia

Renee Hennessee, an energy efficiency analyst from Palm Desert, California

Eric Maitland, a telecommunications supply attendant from San Diego, California (whose 1-day cash winnings total $28,401)

[next game >>]

Jeopardy! Round responses

CHILDREN'S BOOKS
ABBREV-"E"-ATIONS
(Alex: Each correct response will begin with the letter E.)
2010s TV SHOWS BY CHARACTERS
ANAGRANDMA
UNIQUE NEW YORK
TALK ABOUT THE WEATHER
    $200 28
Goodnight Moon

Renee
    $200 29
enclosed (or enclosure)

Andrew
    $200 17
Mad Men

Eric
    $200 23
glasses

Eric
    $200 1
Madison Square Garden

Renee
    $200 30
Summer

Eric
    $400 15
Winn-Dixie

Andrew
    $400 25
the Environmental Protection Agency

Andrew
    $400 18
Grey's Anatomy

Triple Stumper
    $400 12
Medicare

Triple Stumper
    $400 2
Penn Station

Eric
    $400 26
a drought

Renee
    $600 14
Amelia Bedelia

Andrew
    $600 10
end of day

Eric
    $600 19
2 Broke Girls

Triple Stumper
    $600 13
Paul McCartney

Triple Stumper
    $600 3
(Andrew: What is The Apollo?)

The Cotton Club

EricAndrew
    $600 8
wind

Andrew
    $800 7
Despereaux

Triple Stumper
    $800 11
an extreme close-up

Andrew
    $800 20
The Tudors

Eric
    $800 16
Barcelona

Eric
    $800 4
(Eric: What is The Carnegie Deli?)

The Stage Deli

Eric
Triple Stumper
    $800 9
(Renee: What's the thundercloud?)

nimbus

Renee
Triple Stumper
    $1000 6
Stellaluna

Triple Stumper
    $1000 24
electroencephalogram

Andrew
    $1000 21
Boardwalk Empire

Eric
    $1000 22
libertarian

Renee
    $1000 5
St. Patrick's

Andrew
    $1,000 27
"fog"

Renee

Scores at the first commercial break (after clue 13):

Eric Renee Andrew
$800 -$600 $1,800

Scores at the end of the Jeopardy! Round:

Eric Renee Andrew
$4,000 $2,000 $4,400

Double Jeopardy! Round responses

THE HIGH MIDDLE AGES
MUSICIANS' AUTOBIOGRAPHIES
IN THE DICTIONARY
FEMALE WORLD LEADERS
GEOMETRY
"NORTH", "SOUTH", "EAST", "WEST"
    $400 25
(Eric: Who is Alex Rodriguez?)

Rod Stewart

EricRenee
    $400 28
[The end-of-round signal sounds.]

a fish

Renee
    $400 5
Iceland

Renee
    $400 1
Southwest

Renee
    $800 14
Arabic numerals

Andrew
    $800 4
Vanilla Ice

Eric
    $800 16
a fence

Andrew
    $800 6
Barbuda

Andrew
    $800 17
a protractor

Andrew
    $800 2
the North Star

Andrew
    $1200 15
guilds

Andrew
    $1200 7
Kenny Rogers

Andrew
    $1200 27
neologism

Eric
    $1200 9
Costa Rica

Eric
    $2,000 3
a sphere

Andrew
    $1200 21
(Andrew: What is the Hudson River?)

the East River

EricAndrew
    $1600 22
(Eric: Who are the Jesuits?)

the Dominicans

Eric
Triple Stumper
    $1600 8
Miley Cyrus

Eric
    $1600 26
tender

Eric
    $1600 10
Bangladesh

Andrew
    $1600 12
analytic

Triple Stumper
    $1600 18
"Go west, young man."

Renee
    $4,000 23
Rome & Constantinople

Eric
    $2000 11
Pete Townshend

Andrew
    $2000 24
natatorium

Andrew
    $2000 20
Brazil

Renee
    $2000 13
(Renee: What is a parabola?)

a cone

ReneeAndrew
    $2000 19
South by Southwest

Eric

Scores at the end of the Double Jeopardy! Round:

Eric Renee Andrew
$15,600 $5,200 $19,200

[wagering suggestions for these scores]

Final Jeopardy! Round responses

IN THE NEWSPAPER
(Eric: Ruth Lincoln.)
(Alex: Ruth Lincoln. Nn--)
(Eric: Very well known.)
ReneeWho Ril
$2,000
EricWho is Ruth Lincl
$4,000
AndrewWho is Abigail Van Buren?
$12,001
Abigail Van Buren (or Dear Abby)

Final scores:

Eric Renee Andrew
$11,600 $3,200 $31,201
2nd place: $2,000 3rd place: $1,000 New champion: $31,201

Game dynamics:

Coryat scores:

Eric Renee Andrew
$13,600 $5,200 $18,400
17 R
(including 1 DD),
3 W
11 R
(including 1 DD),
2 W
20 R
(including 1 DD),
2 W

Combined Coryat: $37,200

[game clues] [game scores] [suggest correction]

Game tape date: 2013-02-12
The J! Archive is created by fans, for fans. Scraping, republication, monetization, and malicious use prohibited; this site may use cookies and collect identifying information. See terms. The Jeopardy! game show and all elements thereof, including but not limited to copyright and trademark thereto, are the property of Jeopardy Productions, Inc. and are protected under law. This website is not affiliated with, sponsored by, or operated by Jeopardy Productions, Inc. Join the discussion at JBoard.tv.